000 01544cam a2200301 4500
999 _c73239
_d73239
003 BJBSDDR
005 20230410124218.0
007 ta
008 060907s1997 nyu eng
020 _a0863162312
020 _a9780863162312
040 _bspa
_cBJBSDDR
041 _aeng
050 1 4 _aP 92.5
_bG665m 1997
100 1 _aGordon, W. Terrence,
_d1942-
245 1 0 _aMcLuhan for beginners /
_cwritten by W. Terrence Gordon ; illustrated by Susan Willmarth.
260 _aNew York :
_bWriters and Readers Documentary Comic Book,
_c1997
300 _avii, 152 p. :
_bill. ;
_c23 cm.
440 0 _aWriters & readers beginners series ;
_v82.
520 _aMarshall McWho?, 1. -- What is so special about Marshall McLuhan?, 2. -- McLuhan's point of view, 11. -- Stepping into McLuhan's bio, 15. -- The mechanical bride, 25. -- Explorations & idea consultants, 26. -- Exploring the Gutenberg galaxy, 28. -- Understanding media, 34. -- Culture is our business = Business is our culture, 101. -- The global village, 103. -- From Cliche to archetype, 107. -- The mechanical bride : Comic strips, 114. -- Kroker's panic encyclopedia, 118. -- Closure : The laws of media, 122. -- Wrapping it up, 133
600 1 4 _aMcLuhan, Marshall,
_d1911-1980
650 0 _aMass media specialists
_zCanada
_vBiography.
650 4 _aEspecialistas en medios de comunicación de masas
_922552
650 0 _aMass media.
650 4 _aMedios de comunicación de masas
_91587
700 1 _922559
_aWillmarth, Susan
_eilustradora
942 _2lcc
_cBK